banner koha

Efeito da uréia com inibidor de urease no crescimento de mudas de cafeeiro (Coffea arabica L.) (Registro n. 216691)

MARC details
000 -LÍDER
campo de controle de tamanho fixo 00979nas a2200313 4500
001 - NÚMERO DE CONTROLE
campo de controle BR2012000533
003 - IDENTIFICADOR DO NÚMERO DE CONTROLE
campo de controle BR-BrBNA
005 - DATA E HORÁRIO DA ÚLTIMA TRANSAÇÃO
campo de controle 20231205120020.0
007 - CAMPO FIXO DE DESCRIÇÃO FÍSICA--INFORMAÇÃO GERAL
campo de controle de tamanho fixo ta
008 - CAMPO DE DADOS FIXOS--INFORMAÇÃO GERAL
campo de controle de tamanho fixo 230509b bl.|||p| |||| 00| 00por d
040 ## - FONTE DA CATALOGAÇÃO
Instituição da catalogação original BR-BrBNA
Idioma da catalogação por
Instituição que transcreveu o registro Biblioteca Nacional de Agricultura
041 ## - CÓDIGO DE IDIOMA
Código do idioma do texto/trilha sonora ou título diferente (Pt)
072 ## - CÓDIGO DE CATEGORIA DE ASSUNTO
Código de Categoria de Assunto F04; F62
100 1# - ENTRADA PRINCIPAL--NOME PESSOAL
Nome pessoal Garcia, A.L.A.
100 1# - ENTRADA PRINCIPAL--NOME PESSOAL
Nome pessoal Padilha, L.
100 1# - ENTRADA PRINCIPAL--NOME PESSOAL
Nome pessoal Garcia, W.R.
100 1# - ENTRADA PRINCIPAL--NOME PESSOAL
Nome pessoal Mendes, A.N.G.
100 1# - ENTRADA PRINCIPAL--NOME PESSOAL
Nome pessoal Carvalho, C.H.S. de
245 1# - TÍTULO
Título Efeito da uréia com inibidor de urease no crescimento de mudas de cafeeiro (Coffea arabica L.)
246 1# - FORMA VARIANTE DO TÍTULO
Título/título abreviado Effect of urea with urease inhibitor on the growth of cofee seedlings (Coffea arabica L.)
650 ## - ASSUNTO--TERMO TÓPICO
Cabeçalho tópico ou nome geográfico CAFÉ
650 ## - ASSUNTO--TERMO TÓPICO
Cabeçalho tópico ou nome geográfico COFFEA ARABICA
650 ## - ASSUNTO--TERMO TÓPICO
Cabeçalho tópico ou nome geográfico MUDA
650 ## - ASSUNTO--TERMO TÓPICO
Cabeçalho tópico ou nome geográfico URÉIA
650 ## - ASSUNTO--TERMO TÓPICO
Cabeçalho tópico ou nome geográfico UREASE
773 0# - ENTRADA ANALÍTICA
Título Coffee Science (Brazil)
ISSN - International Standard Serial Number ISSN 1809-6875
Partes relacionadas (Jan-Apr 2011), v. 6(1) p.1-7
Número de controle do registro BR2012000533
909 ## -
-- 202311
-- Lúcia
-- 55
-- Lúcia Elande
942 ## - ELEMENTOS DE ENTRADA ADICIONADOS (KOHA)
Fonte da classificação ou esquema de arquivamento na estante Classificação AGRIS
Ocultar no OPAC Não
Tipo de material Koha Analítica
Exemplares
Situação do descarte Fonte da classificação ou esquema de arquivamento na estante Situação física Não pode ser emprestado Biblioteca de origem Biblioteca atual Localização na estante Enumeração do periódico / cronologia Total de empréstimos Data de último acesso Número do exemplar Tipo de material Koha Fonte de aquisição
  Classificação AGRIS   Consulta local Biblioteca Nacional de Agricultura - Binagri Biblioteca Nacional de Agricultura - Binagri   (Jan-Apr 2011), v. 6(1) p.1-7   29/11/2023 01 Periódicos Portaria Interministerial nº 164/94

BINAGRI

Telefone: (61)3218-2567/2388/3357/2097 - binagri@agro.gov.br

Ministério da Agricultura e Pecuária , Esplanada dos Ministérios, Bloco D, Anexo B, Brasília/DF, CEP: 70.043-900